000 00775nam a2200217Ia 4500
001 2553
003 GE_BSU
008 181216s||||||||xx |||||||||||||| ||und||
040 _cGE_BSU
080 _a574(075.8)
100 _aქაჯაია, გია
245 _aეკოლოგია (გამოყენებითი ეკოლოგიის საკითხები).
245 _bსახელმძღვნელო უმაღლ. სასწავლ. სტუდენტებისათვის.
245 _c[რედ. ირ. ელიავა. ირ. ქორქია]
260 _aთბილისი
260 _c1999
300 _a22 გვ
541 _h6 ლ.
653 _aეკოლოგია
942 _cBK
999 _c36633
_d36633